000
00397nam a22001697a 4500
003
MPLRDC
005
20220104144056.0
008
210129b ||||| |||| 00| 0 eng d
082
_a
811.7 WRS
100
_a
胡润生编著
245
_a
对英文翻译公式之研究
_c
250
_a
初版
260
_a
_b
宏信出版社
_c
300
_b
平
650
_a
翻译
942
_c
BK
_o
811.7 WRS
999
_c
46131
_d
46121